Error iurus (Registro nro. 159081)
[ vista simple ]
| 000 -LEADER | |
|---|---|
| fixed length control field | 01299ny a22003133n 4500 |
| 008 - FIXED-LENGTH DATA ELEMENTS--GENERAL INFORMATION | |
| fixed length control field | 030117s2000 sp s 000 0 spa c |
| 017 ## - | |
| -- | D.L.B.2593-2000 |
| 020 ## - INTERNATIONAL STANDARD BOOK NUMBER | |
| International Standard Book Number | 8493052493 |
| 035 ## - | |
| -- | 626 |
| 040 ## - CATALOGING SOURCE | |
| Original cataloging agency | UMA.DER |
| Modifying agency | vLex |
| 040 ## - CATALOGING SOURCE | |
| Original cataloging agency | UMA.RE |
| Modifying agency | vLex |
| 080 ## - | |
| -- | 343.222 |
| 090 ## - | |
| -- | 557 |
| -- | 557 |
| 100 1# - MAIN ENTRY--PERSONAL NAME | |
| Personal name | Felip i Saborit, David |
| 245 10 - TITLE STATEMENT | |
| Title | Error iurus |
| Medium | [Recurso electrónico] |
| Remainder of title | el conocimiento de la antijuricidad y el artículo 14 del del código penal / |
| Statement of responsibility, etc | David Felip i Saborit ; prólogo de Jesú-María Silva Sánchez |
| 256 ## - | |
| -- | Servicio en línea |
| 260 ## - PUBLICATION, DISTRIBUTION, ETC. (IMPRINT) | |
| Place of publication, distribution, etc | Barcelona : |
| Name of publisher, distributor, etc | Atelier, |
| Date of publication, distribution, etc | D.L. 2000 |
| 300 ## - PHYSICAL DESCRIPTION | |
| Extent | 289 p. ; |
| Dimensions | 24 cm |
| 490 1# - SERIES STATEMENT | |
| Series statement | Serie mayor |
| 506 1# - RESTRICTIONS ON ACCESS NOTE | |
| Terms governing access | Contenido solo disponible en los productos indicados |
| Authorized users | vLex Global |
| -- | vLex Global (Academic Edition, excluding Law Schools) |
| -- | vLex Global (U.S. Academic Edition, Law Schools) |
| -- | vLex Global (U.S. Academic Edition, excluding Law Schools) |
| -- | vLex Global (Academic Edition, Law Schools) |
| 650 07 - SUBJECT ADDED ENTRY--TOPICAL TERM | |
| Topical term or geographic name as entry element | Antijuridicidad |
| Source of heading or term | Tesauro vLex |
| 650 07 - SUBJECT ADDED ENTRY--TOPICAL TERM | |
| Topical term or geographic name as entry element | Penal |
| Source of heading or term | Tesauro vLex |
| 700 1# - ADDED ENTRY--PERSONAL NAME | |
| Personal name | Silva Sánchez, Jesús-María, |
| Relator term | pr |
| 740 0# - | |
| -- | vLex Libros (Servicios en línea) |
| 830 #0 - | |
| -- | Serie mayor (Editorial Atelier) |
| 856 40 - LOCALIZACIÓN Y ACCESO ELECTRÓNICO | |
| Identificador Uniforme del Recurso (URI/URL) | https://app.vlex.com/#/sources/626 |
| 942 ## - | |
| -- | RAA |
| 999 ## - | |
| -- | 159081 |
| -- | 159081 |
No hay ítems disponibles.